| 000 | 01484nam0a2200337 4500 | ||
|---|---|---|---|
| 001 | RU\NLR\BIBL_A\012768825 | ||
| 005 | 20220512165435.0 | ||
| 021 |
_aRU _bКН-П-21-097211 _9КН-П-21-7782 |
||
| 035 | _a(NLR Aleph) 012768825 | ||
| 035 | _a(RuMoRGB)010953212 | ||
| 090 |
_a13086116 _c13086116 |
||
| 100 | _a20220420d2020 u y0rusy50 ca | ||
| 101 | 0 | _arus | |
| 102 | _aRU | ||
| 105 | _aa|||z||||||g| | ||
| 181 | 1 |
_ai3 _b e |
|
| 182 | 1 | _an | |
| 200 | 1 |
_aСборник стихов _fЮрий Ялавин - любимый поэт миллионов читателей _gсоставитель С. А. Ассонов |
|
| 203 |
_aТекст _bвизуальный _cнепосредственный |
||
| 210 |
_aЧебоксары _cНовое время _d2020 |
||
| 215 |
_a15 с. _cил. _d20 |
||
| 330 | _aСпасибо, Юрий, за ваше прекрасное творчество! Очень красиво пишете! Ваши творения трогают сердце и душу, остаются в памяти навсегда! Удачи, вдохновения на новые шедевры и, конечно же, здоровья! | ||
| 675 |
_a821.161.1-1 _v4 |
||
| 686 | 2 | _aШ6(2=Р)75-5 | |
| 700 | 1 |
_aЯлавин _bЮ. С. _f1956- _gЮрий Сергеевич |
|
| 942 | _cBOOK | ||
| 980 | _aNBR | ||
| 980 | _aNB | ||